| 000 | 01360nam a2200277 i 4500 | ||
|---|---|---|---|
| 001 | bg | ||
| 946 | _c20,00 | ||
| 245 | 0 | 0 |
_aRoboty hydroizolacyjne - (kod CPV 45260000-7) : _bwtórne izolacje przegród w budynkach wykonywane metodą iniekcji / _cOśrodek Wdrożeń Ekonomiczno-Organizacyjnych Budownictwa "Promocja". |
| 260 |
_aWarszawa : _bOśrodek Wdrożeń Ekonomiczno-Organizacyjnych Budownictwa "Promocja", _c2006. |
||
| 300 |
_a23 s. ; _c24 cm. |
||
| 490 | 1 | _aSpecyfikacje techniczne Wykonywania i Odbioru Robót Budowlanych (Standardowe) | |
| 650 | 9 |
_aBudownictwo _xtechnika _xnormalizacja _zPolska |
|
| 650 | 9 |
_aIzolacje przeciwwilgociowe _xnormalizacja _zPolska |
|
| 655 | _aInformatory | ||
| 710 | 2 | _aOśrodek Wdrożeń Ekonomiczno-Organizacyjnych Budownictwa "|PROMOCJA". | |
| 740 | 0 | _aWtórne izolacje przegród w budynkach wykonywane metodą iniekcji | |
| 830 | _aSpecyfikacje techniczne Wykonywania i Odbioru Robót Budowlanych (Standardowe) | ||
| 020 | _a8389756234 | ||
| 020 | _a9788389756237 | ||
| 040 | _cBPK | ||
| 041 | 0 | _apol | |
| 044 | _aPOL | ||
| 080 | _a699.8:006.3/.8(438)(058) | ||
| 942 | _cKS | ||
| 008 | s pl f |000 0 pol | ||
| 999 |
_c49799 _d49799 |
||
| 856 |
_uhttp://koha.tu.koszalin.pl/cgi-bin/koha/opac-detail.pl?biblionumber=49799 _yKatalog online BPK |
||